000 00233nam a2200097Ia 4500
001 683923
005 20250826161447.0
008 250824s9999 xx 000 0 und d
245 0 _aLİMİT YOK
_cALAN GLYNN
260 _bPORTAKAL YAYINLARI
999 _c683923
_d683923